[Event "Oberfranken-ch U18/U16"]
[Site "Schney"]
[Date "2020.01.04"]
[Round "3.5"]
[White "Evseichev, Nikolai"]
[Black "Boger, Michael"]
[Result "1-0"]
[WhiteElo "1241"]
[BlackElo "999"]
[PlyCount "132"]
[EventDate "2020.01.03"]
[EventType "swiss"]
[EventRounds "7"]
[EventCountry "GER"]
[SourceTitle "EXT 2024"]
[Source "ChessBase"]
[SourceDate "2023.10.10"]
[SourceVersion "1"]
[SourceVersionDate "2023.10.10"]
[SourceQuality "1"]

1. e4 c5 2. c3 d6 3. d4 cxd4 4. cxd4 g6 5. Nf3 Bg7 6. Nc3 e6 7. Bd3 d5 8. exd5 exd5 9. Qe2+ Qe7 10. Nxd5 Qxe2+ 11. Bxe2 Kd8 12. Ng5 Be6 13. Nxe6+ fxe6 14. Nf4 Kd7 15. Be3 Ne7 16. Bc4 Nbc6 17. Nxe6 Bf6 18. Nc5+ Kc7 19. Bf4+ Kc8 20. Be6+ Kd8 21. Nxb7+ Ke8 22. Nd6+ Kf8 23. Bh6+ Bg7 24. Bxg7+ Kxg7 25. Rd1 Rad8 26. Nc4 Nxd4 27. Bg4 h5 28. Bf3 Nxf3+ 29. gxf3 Rd5 30. Ne3 Rb5 31. Rd2 Rhb8 32. b3 a5 33. 0-0 Rg5+ 34. Kh1 Rbb5 35. Rc1 Rbc5 36. Rxc5 Rxc5 37. Rc2 Re5 38. Rc4 Nf5 39. Re4 Rc5 40. Rc4 Re5 41. Nxf5+ Rxf5 42. Kg2 g5 43. h3 h4 44. a4 Kf7 45. b4 axb4 46. Rxb4 Ra5 47. f4 Ke7 48. fxg5 Rxg5+ 49. Rg4 Rh5 50. Kf3 Kd6 51. Rf4 Kc6 52. Kg4 Rh8 53. Rf5 Rh7 54. Rh5 Ra7 55. a5 Kd6 56. Kxh4 Ke6 57. a6 Kf6 58. Kg4 Rg7+ 59. Kf4 Ke6 60. Ra5 Rf7+ 61. Ke3 Ra7 62. Kd4 Kd6 63. f4 Kc6 64. Kc4 Kb6 65. Kb4 Kc6 66. h4 Kd6 1-0